The characterization and valuation of the potential of the agricultural land fund in the municipality of Săcălaz, Timiș County

The pedological and credit assessment study carried out on the territory of Săcălaz commune (Timiș county) aims at the scientific basis of effective measures for the use and conservation of the functional agricultural fund. The analysis highlighted the diversity of soil types (chernozoms, eutricambo...

Teljes leírás

Elmentve itt :
Bibliográfiai részletek
Szerzők: Mazăre Veaceslav
Mazăre Romina
Mihuţ Casiana
Stroia Marius
Testületi szerző: 31th International Symposium on Analytical and Environmental Problems
Dokumentumtípus: Könyv része
Megjelent: University of Szeged Szeged 2025
Sorozat:Proceedings of the International Symposium on Analytical and Environmental Problems 31
Kulcsszavak:Mezőgazdaság - földhasználat - Temes vármegye
Tárgyszavak:
Online Access:http://acta.bibl.u-szeged.hu/88652
LEADER 02058naa a2200265 i 4500
001 acta88652
005 20251107155834.0
008 251107s2025 hu o 100 eng d
020 |a 978-963-688-078-1 
040 |a SZTE Egyetemi Kiadványok Repozitórium  |b hun 
041 |a eng 
100 1 |a Mazăre Veaceslav 
245 1 4 |a The characterization and valuation of the potential of the agricultural land fund in the municipality of Săcălaz, Timiș County  |h [elektronikus dokumentum] /  |c  Mazăre Veaceslav 
260 |a University of Szeged  |b Szeged  |c 2025 
300 |a 141-144 
490 0 |a Proceedings of the International Symposium on Analytical and Environmental Problems  |v 31 
520 3 |a The pedological and credit assessment study carried out on the territory of Săcălaz commune (Timiș county) aims at the scientific basis of effective measures for the use and conservation of the functional agricultural fund. The analysis highlighted the diversity of soil types (chernozoms, eutricambosols, faeozoms, alluviosols, vertosols, solonets, etc.), with different degrees of fertility, productive potential and limitations. The results show that more than 60% of the agricultural area is occupied by soils with high fertility (chernozims and eutricambosols), capable of supporting large agricultural productions, while problematic solutions (pelosols, solonets, gleosols) require ameliorative measures. Dewatering-drainage works, combating salinization, adapted technologies and rational crop rotations are recommended for the sustainable exploitation of pedological resources. 
650 4 |a Mezőgazdaság-tudományok 
650 4 |a Mezőgazdaság, erdészet, halászat 
695 |a Mezőgazdaság - földhasználat - Temes vármegye 
700 0 1 |a Mazăre Romina  |e aut 
700 0 1 |a Mihuţ Casiana  |e aut 
700 0 1 |a Stroia Marius  |e aut 
711 |a 31th International Symposium on Analytical and Environmental Problems  |c Szeged  |d 2025. október 13-14. 
856 4 0 |u http://acta.bibl.u-szeged.hu/88652/1/proceedings_of_isaep_2025_141-144.pdf  |z Dokumentum-elérés